All 2M Cities on a map - Statistics

General Stats
  • This quiz has been taken 606 times
  • The average score is 210 of 298
Answers on the Map
Answers color-coded by a green-red scale on the quiz's map according to % correct below.
 
Answer Stats
Population City Country % Correct
17.5 mil Los Angeles United States
97%
23.0 mil New York United States
97%
14.8 mil London United Kingdom
96%
6.80 mil Madrid Spain
96%
11.4 mil Paris France
96%
4.90 mil Barcelona Spain
95%
21.9 mil Cairo Egypt
95%
9.85 mil Chicago United States
95%
24.7 mil Mexico City Mexico
95%
6.30 mil Miami United States
95%
17.4 mil Moscow Russia
95%
13.3 mil Rio de Janeiro Brazil
95%
3.45 mil Rome Italy
95%
7.80 mil San Francisco United States
95%
4.55 mil Seattle United States
95%
40.7 mil Tokyo Japan
95%
2.50 mil Amsterdam Netherlands
94%
20.5 mil Beijing China
94%
4.75 mil Berlin Germany
94%
7.85 mil Boston United States
94%
7.35 mil Dallas United States
94%
6.85 mil Houston United States
94%
16.5 mil Istanbul Turkey
94%
3.50 mil Kiev Ukraine
94%
2.48 mil Lisbon Portugal
94%
6.15 mil Milan Italy
94%
32.4 mil New Delhi India
94%
22.7 mil São Paulo Brazil
94%
5.45 mil Sydney Australia
94%
7.65 mil Toronto Canada
94%
2.95 mil Vancouver Canada
94%
5.25 mil Ankara Turkey
93%
3.50 mil Athens Greece
93%
19.9 mil Bangkok Thailand
93%
4.10 mil Brasília Brazil
93%
16.8 mil Buenos Aires Argentina
93%
4.38 mil Cape Town South Africa
93%
2.88 mil Hamburg Germany
93%
28.6 mil Jakarta Indonesia
93%
14.5 mil Johannesburg South Africa
93%
11.4 mil Lima Peru
93%
3.10 mil Manchester United Kingdom
93%
26.1 mil Mumbai India
93%
2.28 mil Munich Germany
93%
5.60 mil Saint Petersburg Russia
93%
24.8 mil Seoul South Korea
93%
39.3 mil Shanghai China
93%
15.8 mil Tehran Iran
93%
2.78 mil Tunis Tunisia
93%
2.38 mil Warsaw Poland
93%
8.75 mil Washington United States
93%
4.10 mil Algiers Algeria
92%
6.00 mil Atlanta United States
92%
10.0 mil Bogotá Colombia
92%
2.65 mil Budapest Hungary
92%
6.05 mil Dubai United Arab Emirates
92%
3.28 mil Frankfurt Germany
92%
2.23 mil Havana Cuba
92%
20.7 mil Lagos Nigeria
92%
26.4 mil Manila Philippines
92%
5.15 mil Melbourne Australia
92%
4.13 mil Naples Italy
92%
3.00 mil Sana'a Yemen
92%
8.00 mil Santiago Chile
92%
2.20 mil Stockholm Sweden
92%
2.25 mil Vienna Austria
92%
7.30 mil Baghdad Iraq
91%
2.73 mil Brussels Belgium
91%
2.20 mil Bucharest Romania
91%
3.88 mil Denver United States
91%
5.85 mil Detroit United States
91%
2.00 mil Lyon France
91%
2.00 mil Minsk Belarus
91%
4.28 mil Montreal Canada
91%
17.7 mil Osaka Japan
91%
2.13 mil Perth Australia
91%
7.95 mil Singapore Singapore
91%
6.05 mil Alexandria Egypt
90%
4.63 mil Casablanca Morocco
90%
4.98 mil Cologne / Dusseldorf Germany
90%
65.1 mil Guangzhou China
90%
10.9 mil Ho Chi Minh City Vietnam
90%
2.30 mil Las Vegas United States
90%
6.30 mil Nairobi Kenya
90%
3.58 mil Orlando United States
90%
7.55 mil Philadelphia United States
90%
4.73 mil Phoenix United States
90%
2.45 mil Portland United States
90%
8.80 mil Riyadh Saudi Arabia
90%
3.30 mil Rotterdam Netherlands
90%
3.28 mil San Diego United States
90%
4.00 mil Addis Ababa Ethiopia
89%
3.80 mil Caracas Venezuela
89%
3.98 mil Damascus Syria
89%
20.9 mil Dhaka Bangladesh
89%
14.5 mil Kinshasa D. R. Congo
89%
9.10 mil Kuala Lumpur Malaysia
89%
3.43 mil Port-au-Prince Haiti
89%
2.83 mil Quito Ecuador
89%
2.78 mil Tel Aviv-Jaffa Israel
89%
4.08 mil Dakar Senegal
88%
4.13 mil Hanoi Vietnam
88%
7.40 mil Hong Kong China
88%
4.33 mil Kuwait City Kuwait
88%
2.40 mil San José Costa Rica
88%
9.20 mil Taipei Taiwan
88%
4.45 mil Tampa United States
88%
5.70 mil Amman Jordan
87%
2.08 mil Austin United States
87%
3.15 mil Birmingham United Kingdom
87%
3.30 mil Brisbane Australia
87%
2.38 mil Doha Qatar
87%
3.25 mil Guatemala City Guatemala
87%
2.10 mil Rabat Morocco
87%
4.10 mil Santo Domingo Dominican Republic
87%
6.15 mil Accra Ghana
86%
4.63 mil Kabul Afghanistan
86%
18.6 mil Karachi Pakistan
86%
17.2 mil Kolkata India
86%
2.18 mil La Paz Bolivia
86%
8.70 mil Luanda Angola
86%
2.58 mil Salt Lake City United States
86%
5.65 mil Guadalajara Mexico
85%
6.65 mil Khartoum Sudan
85%
3.25 mil Minneapolis United States
85%
2.25 mil San Antonio United States
85%
2.43 mil Asunción Paraguay
84%
2.65 mil Baku Azerbaijan
84%
2.05 mil Mogadishu Somalia
84%
10.8 mil Wuhan China
84%
3.90 mil Abuja Nigeria
83%
4.85 mil Colombo Sri Lanka
83%
2.08 mil Indianapolis United States
83%
2.25 mil Mecca Saudi Arabia
83%
2.93 mil Pyongyang North Korea
83%
2.53 mil Charlotte United States
82%
11.9 mil Chennai India
82%
3.10 mil Cleveland United States
82%
6.75 mil Dar es Salaam Tanzania
82%
5.75 mil Monterrey Mexico
82%
2.40 mil Stuttgart Germany
82%
3.50 mil Tashkent Uzbekistan
82%
11.6 mil Xi'an China
82%
10.7 mil Hyderabad India
81%
2.38 mil Hyderabad Pakistan
81%
5.30 mil Jeddah Saudi Arabia
81%
2.05 mil Kansas City United States
81%
13.9 mil Lahore Pakistan
81%
4.15 mil Medellín Colombia
81%
2.38 mil Saint Louis United States
81%
5.10 mil Belo Horizonte Brazil
80%
2.85 mil Antananarivo Madagascar
79%
13.2 mil Bangalore India
79%
2.85 mil Cincinnati United States
79%
2.08 mil Harare Zimbabwe
79%
4.03 mil Busan South Korea
78%
15.2 mil Chengdu China
78%
3.83 mil Kampala Uganda
78%
3.03 mil Kathmandu Nepal
78%
2.18 mil Leeds United Kingdom
78%
2.65 mil Phnom Penh Cambodia
78%
2.50 mil Sapporo Japan
78%
3.08 mil Izmir Turkey
77%
2.15 mil Tijuana Mexico
77%
5.85 mil Yangon Myanmar
77%
3.53 mil Durban South Africa
76%
10.5 mil Nagoya Japan
76%
2.08 mil Pittsburgh United States
76%
5.95 mil Abidjan Ivory Coast
75%
3.83 mil Bamako Mali
75%
2.43 mil Brazzaville Rep. of the Congo
75%
10.1 mil Chongqing China
75%
2.28 mil Manaus Brazil
75%
2.75 mil Ouagadougou Burkina Faso
75%
3.65 mil Yaoundé Cameroon
75%
9.05 mil Ahmedabad India
74%
2.25 mil Almaty Kazakhstan
74%
2.93 mil Lusaka Zambia
74%
2.08 mil Gaza Palestine
73%
5.00 mil Kano Nigeria
73%
11.2 mil Tianjin China
73%
14.1 mil Xiamen China
73%
2.70 mil Conakry Guinea
72%
2.40 mil Maputo Mozambique
72%
2.93 mil Cali Colombia
71%
4.18 mil Porto Alegre Brazil
71%
3.88 mil Recife Brazil
71%
3.88 mil Ürümqi China
71%
8.85 mil Nanjing China
70%
2.13 mil Sacramento United States
70%
3.65 mil Salvador Brazil
70%
3.75 mil Fortaleza Brazil
69%
3.25 mil Guayaquil Ecuador
69%
5.30 mil Harbin China
68%
2.28 mil Lomé Togo
67%
7.35 mil Pune India
67%
5.85 mil Surabaya Indonesia
67%
5.10 mil Chittagong Bangladesh
66%
4.18 mil Jaipur India
66%
6.85 mil Bandung Indonesia
65%
3.30 mil Isfahan Iran
65%
2.25 mil Belém Brazil
64%
4.10 mil Puebla Mexico
64%
2.78 mil Fukuoka Japan
62%
2.30 mil Katowice Poland
62%
2.83 mil Cebu Philippines
61%
3.50 mil Curitiba Brazil
61%
12.5 mil Hangzhou China
61%
3.80 mil Ibadan Nigeria
61%
2.43 mil Agra India
60%
2.20 mil Barranquilla Colombia
60%
3.58 mil Douala Cameroon
60%
3.90 mil Lucknow India
60%
2.25 mil Santa Cruz Bolivia
60%
5.65 mil The Ruhr Germany
60%
2.70 mil Maracaibo Venezuela
58%
7.05 mil Qingdao China
58%
7.15 mil Surat India
58%
10.0 mil Changsha China
56%
6.00 mil Kunming China
56%
3.30 mil Mashhad Iran
56%
4.08 mil Medan Indonesia
56%
5.05 mil Dalian China
55%
3.63 mil Rawalpindi Pakistan
55%
8.40 mil Shenyang China
55%
3.85 mil Faisalabad Pakistan
54%
4.45 mil Fuzhou China
54%
2.53 mil Port Harcourt Nigeria
54%
2.68 mil Dammam Saudi Arabia
53%
2.05 mil George Town Malaysia
53%
2.75 mil Daegu South Korea
52%
8.95 mil Zhengzhou China
52%
2.55 mil Lubumbashi D. R. Congo
51%
3.38 mil Nagpur India
51%
2.18 mil Bursa Turkey
49%
7.15 mil Hefei China
49%
2.83 mil Kumasi Ghana
49%
4.85 mil Nanning China
48%
2.05 mil Valencia Venezuela
47%
6.85 mil Ningbo China
45%
2.50 mil Goiânia Brazil
43%
7.95 mil Shantou China
43%
6.20 mil Jinan China
42%
2.78 mil Kaohsiung Taiwan
41%
2.53 mil Peshawar Pakistan
41%
5.05 mil Wenzhou China
41%
3.28 mil Campinas Brazil
40%
3.40 mil Indore India
40%
3.55 mil Kanpur India
40%
2.20 mil León Mexico
39%
2.25 mil Mbuji-Mayi D. R. Congo
39%
2.55 mil Bhopal India
38%
2.00 mil Varanasi India
38%
5.75 mil Shijiazhuang China
37%
5.55 mil Taiyuan China
37%
2.80 mil Patna India
36%
2.45 mil Taichung Taiwan
36%
2.60 mil Toluca Mexico
36%
4.38 mil Changchun China
35%
2.85 mil Coimbatore India
35%
2.48 mil Haikou China
34%
3.73 mil Zibo China
34%
3.33 mil Lanzhou China
33%
2.98 mil Gujranwala Pakistan
32%
4.63 mil Guiyang China
31%
2.23 mil Multan Pakistan
30%
2.48 mil Hohhot China
28%
2.18 mil Okayama Japan
27%
3.08 mil Bhilai India
26%
2.00 mil Kaduna Nigeria
26%
4.13 mil Linyi China
26%
4.63 mil Nanchang China
26%
2.08 mil Semarang Indonesia
26%
3.05 mil Xuzhou China
26%
2.50 mil Chandigarh India
25%
3.43 mil Luoyang China
25%
2.30 mil Vishakhapatnam India
25%
2.03 mil Rajkot India
24%
2.30 mil Vadodara India
24%
2.35 mil Anshan China
23%
2.98 mil Weifang China
22%
2.45 mil Yantai China
21%
3.13 mil Nantong China
20%
2.15 mil Baotou China
19%
2.05 mil Ludhiana India
18%
2.33 mil Zhuhai China
18%
2.28 mil Liuzhou China
17%
2.48 mil Taizhou China
17%
2.60 mil Tangshan China
17%
2.23 mil Nashik India
15%
2.15 mil Vijayawada India
15%
2.13 mil Yangzhou China
15%
2.03 mil Baoding China
14%
2.93 mil Jiangyin China
14%
2.68 mil Handan China
13%
2.43 mil Xinxiang China
13%
2.20 mil Yinchuan China
13%
2.35 mil Yiwu China
11%
No matching quizzes found
Score Distribution
Percent of People with Each Score
Percentile by Number Answered
Your Score History
You have not taken this quiz